000 00294nam a22001457a 4500
008 221017b ||||| |||| 00| 0 eng d
020 _a0870441094
041 _aeng
080 _a91
082 _a91
100 _a19.2
101 _aGJEO
245 _aTHE ALPS
_cPAYNE M
942 _2udc
_cBK
999 _c58583
_d58583